| 000 | 00750nam a2200229 a 4500 | ||
|---|---|---|---|
| 005 | 20250411063835.0 | ||
| 008 | 121016s2006 mx r 000 0 spa d | ||
| 020 | _a9290882131 | ||
| 035 | _aUPN01000187596 | ||
| 049 | _aCG | ||
| 050 | 4 |
_aLC1085.4 M6 _bI2.3 |
|
| 100 | 1 |
_aIbarrola Nicolín, María de _928556 |
|
| 245 | 1 | 0 |
_aFormación escolar para el trabajo : _bposibilidades y límites : experiencias y enseñanzas del caso mexicano / _cMaría de Ibarrola. |
| 260 |
_aMontevideo : _bOIT, _c2006. |
||
| 300 | _a410 p. | ||
| 440 | 0 |
_aSobre artes y oficios ; _v5 |
|
| 650 | 4 |
_aEnseñanza técnica _zMéxico _97386 |
|
| 650 | 4 |
_aFormación profesional _99108 |
|
| 650 | 4 |
_aMercado laboral _zMéxico _99540 |
|
| 905 | _aLibro | ||
| 999 |
_c159699 _d159699 |
||